[Event "Huesca Province-ch"]
[Site "Sabinanigo"]
[Date "2016.10.29"]
[Round "3"]
[White "Buisan Zaharia, Pedro"]
[Black "Vinuales Satue, Jose Antonio"]
[Result "1-0"]
[WhiteElo "1745"]
[BlackElo "1724"]
[PlyCount "65"]
[EventDate "2016.10.15"]
[EventType "swiss"]
[EventRounds "7"]
[EventCountry "ESP"]
[SourceTitle "EXT 2018"]
[Source "ChessBase"]
[SourceDate "2017.10.13"]
[SourceVersion "1"]
[SourceVersionDate "2017.10.13"]
[SourceQuality "1"]

1. d4 e6 2. Nf3 c5 3. e3 cxd4 4. exd4 Nf6 5. Bd3 Be7 6. Bf4 b6 7. Nbd2 0-0 8. h3 d6 9. 0-0 Bb7 10. c3 Nbd7 11. Nc4 Qc7 12. Re1 b5 13. Ncd2 a6 14. Rc1 Qa5 15. a3 Nb6 16. c4 bxc4 17. Nxc4 Nxc4 18. Bxc4 Qf5 19. Bh2 Rfc8 20. Qe2 Bxf3 21. Qxf3 Qxf3 22. gxf3 a5 23. Bb5 Nd5 24. Bc6 Ra7 25. Bxd5 Rxc1 26. Rxc1 exd5 27. Rc8+ Bf8 28. Bxd6 h6 29. Bxf8 Kh7 30. b4 axb4 31. axb4 Ra1+ 32. Kg2 Rb1 33. Rd8 1-0